| 000 | 00962nam a22002177a 4500 | ||
|---|---|---|---|
| 999 |
_c56941 _d56941 |
||
| 003 | Ge_BSU | ||
| 005 | 20190701180905.0 | ||
| 008 | 190701s1993 ||||| |||| 00| 0 geo d | ||
| 041 | _ageo | ||
| 080 | _a620.1:539.4(042.4) დ-19 | ||
| 100 |
_aდანელია,დ. _92116 |
||
| 245 |
_aმასალათა გამძლეობა . I ნაწ: ლექციების კონსპექტი / _cდ.დანელია ; ნ. მურღულია ; გ.აფხაზავა ; რედ : ც.არსენიძე. |
||
| 264 |
_aთბილისი : _bსტუ, _c1993. |
||
| 300 |
_a71 გვ .: _c20 სმ. |
||
| 653 | _aმასალათა გამძლეობა | ||
| 653 | _aტექნიკა | ||
| 700 |
_aმურღულია, ნ _9525 |
||
| 700 |
_aხაზალია, გ _91890 |
||
| 700 |
_aარსენიძე, ც _eრედაქტორი _91557 |
||
| 942 |
_2udc _cBK |
||